| 000 | 01451 a2200253 4500 | ||
|---|---|---|---|
| 001 | 2162214035926813 | ||
| 003 | UA-OsUOA | ||
| 005 | 20260513141222.0 | ||
| 008 | 260513b un a|||| |||| 00| p ukr d | ||
| 020 | _a9668118545 | ||
| 040 |
_aUA-OsUOA _bukr _cUA-OsUOA _dUA-OsUOA |
||
| 041 | _aukr | ||
| 080 | _a821.161.2 | ||
| 090 |
_a821.161.2 _bЛ84 |
||
| 100 |
_aЛук'яненко Г. _925228 |
||
| 245 |
_aПовноліття _bлітературна збірка |
||
| 260 |
_aКиїв _bЮніверс _c2007 |
||
| 300 | _a236 с. | ||
| 520 | _bОт іще один дебют молодої поетеси в сучасному українському письменстві. Переважно це вірші... та є тут і речі, написені, крім лірики, в інших жанрах: у прозі, драматургії. Як стверджує сама авторка: усе, написане в цій книжці, - від уяви й молодої душі. "Ніхто не тиснув на мене, не виправляв, не перекреслював, не критикував". Це - перша збірка творчих настроїв Ганни Лук'яненко. | ||
| 650 |
_a82 Література. Літературознавство _915 |
||
| 942 |
_cBK _2udc |
||
| 955 | _a3 | ||
| 999 |
_c580696 _d580696 |
||